El rosario en imágenes / [por] W. Guinea [y] P. Aguirre

Na minha lista:
Detalhes bibliográficos
Autor principal: Guinea Ramos, Wifredo (autor)
Outros Autores: I. Aguirre, P., coaut. (autor) (autor)
Formato: Livro
Edição:2a ed.
Assuntos:
Tags: Adicionar Tag
Sem tags, seja o primeiro a adicionar uma tag!

MARC

LEADER 00000nam^a2200000^u^4500
001 000538386
005 20250521000000.0
008 060220s1000^^^^^^^^^^^^r^^^^^000^0^spa^d
009 20260310131119.673
035 |a FMI 000004999 
037 |a Acervo Xavier Clavigero 
096 |a 5.9/91/B| 
100 |a Guinea Ramos, Wifredo  |e (autor) 
245 1 3 |a El rosario en imágenes / [por] W. Guinea [y] P. Aguirre 
250 |a 2a ed. 
264 |a México : Buena Prensa, 1986 
300 |a 96 p. 
336 |a texto  |b txt  |2 rdacontenido 
337 |a sin mediación  |b n  |2 rdamedio 
338 |a volumen  |b nc  |2 rdasoporte 
649 |a XX 
650 |a PASTORAL 
700 |a I. Aguirre, P., coaut.  |e (autor) 
910 |a Fondo Francisco Migoya Covarrubias S.J. 
920 |a Impresos - Libros 
930 |a Fondos Especiales 
905 |a 134 
901 |a SBC04289  |b IT2  |c ESP  |u 20250521 
902 |a https://opac.biblio.iteso.mx/vufind/Record/000538386